000 00257nam a2200097Ia 4500
001 1251854
005 20251031150923.0
008 251031s9999 xx 000 0 und d
245 0 _cATTİLA ÖZTÜRK
_aN-2 BİR ZAMANLAR DÜNYA
260 _bYEDİVEREN YAYINLARI
999 _c1251854
_d1251854